000 00394cam a22001097a 4500
008 180718b1956 xxu||||| |||| 00| 0 eng d
082 _aZ000x54 In2
245 _aReport of the Indian delegation to China on agriculture planning and techniques
_cby Ministry of Food & Agriculture. India
260 _a
_bGovernment of India
_c1956
300 _a199p
700 _aIndia. Ministry of Food & Agriculture
999 _c422146
_d422146